00639nam a2200169 i 450000100060000000300090000600500170001500700030003200800410003510000270007624501590010325000150026226000830027730000440036070000340040485200310043865537ES-MaACL20250905123708.0t|040115s1947 mx ||||1| spa d1 aFriedlaender, Ludwing.13aLa sociedad romana b: historia de las costumbres en Roma, desde Augusto hasta los Antoninos / cL. Friedlaender ; traducción del alemán por W. Roces. a[1ª ed.]. aMéxico : bFondo de Cultura Económica, c[1947] (fGráfica Panamericana) a1216 p., 16 lám. : bgraf. ; c24 cm.1 aRoces, Wenceslao, d1897-1992 aES-MaACLjD-6857 bR.28699